Coś czerwonego - Statystyki

Ogólne statystyki
  • Ten quiz został rozwiązany 16 razy
    5 od ostatniego zresetowania
  • Średni wynik to 8 z 24
Statystyki odpowiedzi
Odpowiedź % Poprawnych
krew
100%
pomidor
100%
truskawka
100%
burak
50%
flaga
50%
jabłko
50%
ketchup
50%
papryka
50%
róże
50%
serce
50%
wino
50%
wiśnia
50%
brom
0%
czerwona plama
0%
fosfor czerwony
0%
księżyc
0%
mak
0%
mars
0%
miedź
0%
muchomor
0%
panda
0%
rośliny z kepler-186f
0%
wątroba
0%
znak drogowy
0%
Nie znaleziono quizów pasujących do podanych kryteriów
Rozkład punktacji
Procent ludzi z każdym wynikiem
Percentyl według liczby udzielonych odpowiedzi
Twoja historia wyników
Nie rozwiązałeś tego quizu od ostatniego zresetowania